Guess The Color - Statistics

General Stats
  • This quiz has been taken 134 times
  • The average score is 13 of 15
Answer Stats
Picture Answer % Correct
green
100%
red
100%
yellow
99%
black
97%
purple
97%
white
96%
gray
95%
pink
95%
orange
93%
brown
90%
dark green
79%
dark blue
70%
light blue
63%
violet
55%
indigo
32%
No matching quizzes found
Score Distribution
Percent of People with Each Score
Percentile by Number Answered
Your Score History
You have not taken this quiz